| 000 | 01077cam a22002651i 4500 | ||
|---|---|---|---|
| 003 | SA-RiAUC | ||
| 005 | 20251022085152.0 | ||
| 008 | 251008s1998 su g 00010 ara c | ||
| 040 |
_aSA-RiAUC _bara _cSA-RiAUC _erda |
||
| 082 | 0 | 4 | _a332.1221 |
| 090 |
_a332.1221 _bا ح م |
||
| 100 | 1 |
_aأحمد، أحمد محيي الدين _eمؤلف. |
|
| 245 | 1 | 0 |
_aفتاوى الخدمات المصرفية / _cأحمد محيي الدين أحمد ؛ مراجعة عبد الستار أبو غدة. |
| 250 | _aالطبعة الأولى. | ||
| 264 | 1 |
_aالرياض : _bشركة البركة للاستثمار والتنمية، _c1998 |
|
| 300 |
_a382 صفحة ؛ _c24 سم. |
||
| 336 |
_aنص _btxt _2rdacontent _3كتاب |
||
| 337 |
_aبدون وسيط _bn _2rdamedia |
||
| 338 |
_aمجلد _bnc _2rdacarrier |
||
| 490 | 0 |
_aسلسلة برنامج الفتاوى ؛ _v5 |
|
| 650 | 7 |
_aالبنوك الإسلامية _2aucsh |
|
| 700 | 1 |
_aأبو غدة، عبد الستار، _d1940-2020 _eمراجع. |
|
| 942 |
_2ddc _cBOOK _n0 |
||
| 949 |
_aSA-JeALM _d251008 _umohamedma123 _n1 |
||
| 999 |
_c12713 _d12713 |
||